<?xml version="1.0" encoding="UTF-8"?><?xml-stylesheet type="text/xsl" href="static/style.xsl"?><OAI-PMH xmlns="http://www.openarchives.org/OAI/2.0/" xmlns:xsi="http://www.w3.org/2001/XMLSchema-instance" xsi:schemaLocation="http://www.openarchives.org/OAI/2.0/ http://www.openarchives.org/OAI/2.0/OAI-PMH.xsd"><responseDate>2026-04-17T05:37:48Z</responseDate><request verb="GetRecord" identifier="oai:www.recercat.cat:2072/453966" metadataPrefix="marc">https://recercat.cat/oai/request</request><GetRecord><record><header><identifier>oai:recercat.cat:2072/453966</identifier><datestamp>2024-10-29T16:49:32Z</datestamp><setSpec>com_2072_98</setSpec><setSpec>col_2072_378196</setSpec></header><metadata><record xmlns="http://www.loc.gov/MARC21/slim" xmlns:dcterms="http://purl.org/dc/terms/" xmlns:xsi="http://www.w3.org/2001/XMLSchema-instance" xmlns:doc="http://www.lyncode.com/xoai" xsi:schemaLocation="http://www.loc.gov/MARC21/slim http://www.loc.gov/standards/marcxml/schema/MARC21slim.xsd">
   <leader>00925njm 22002777a 4500</leader>
   <datafield ind2=" " ind1=" " tag="042">
      <subfield code="a">dc</subfield>
   </datafield>
   <datafield ind2=" " ind1=" " tag="720">
      <subfield code="a">Pelegrina, Laia</subfield>
      <subfield code="e">author</subfield>
   </datafield>
   <datafield ind2=" " ind1=" " tag="720">
      <subfield code="a">Serra, Roser</subfield>
      <subfield code="e">author</subfield>
   </datafield>
   <datafield ind2=" " ind1=" " tag="720">
      <subfield code="a">Solana, Judit</subfield>
      <subfield code="e">author</subfield>
   </datafield>
   <datafield ind2=" " ind1=" " tag="720">
      <subfield code="a">Seuba, Núria</subfield>
      <subfield code="e">author</subfield>
   </datafield>
   <datafield ind2=" " ind1=" " tag="720">
      <subfield code="a">Universitat Autònoma de Barcelona. Facultat de Veterinària</subfield>
      <subfield code="e">author</subfield>
   </datafield>
   <datafield ind2=" " ind1=" " tag="260">
      <subfield code="c">2014</subfield>
   </datafield>
   <datafield ind2=" " ind1=" " tag="520">
      <subfield code="a">Treball presentat a l'assignatura d'Ètica i Legislació. Gestió empresarial</subfield>
   </datafield>
   <datafield ind2=" " ind1=" " tag="520">
      <subfield code="a">L'experimentació mitjançant l'ús d'animals, i en especial el gos, extensament considerat com un animal de companyia, és actualment un dels temes més polèmics que no només implica a científics i defensors dels drets animals, si no que també a polítics, estudiants, ciutadans, indústries i mitjans de comunicació. Aquest debat generalment es divideix en dues grans opinions: la dels retractors, que argumenten que aquests mètodes atempten contra la sensibilitat dels animals i els hi produeix danys directes (especialment en primats, per la seva proximitat als humans, i seguidament en gran mesura també els gossos), i per altra banda, la opinió dels defensors, que afirmen que aquest tipus d'experimentació és totalment necessària per la salut humana i animal. No obstant, com mostrarem més endavant, certs estudis afirmen l'existència d'una opinió intermèdia entre la població, ja que la majoria accepta o més aviat reconeix la necessitat de l'ús d'animals en experimentació, però en unes condicions molt concretes, havent-hi una major acceptació en l'opinió pública de l'ús de rosegadors, per exemple, i no de gossos, manifestant cert especisme. En xifres totals, més de 115 milions de vertebrats (més de 12 milions a la UE) poden ser utilitzats anualment en l'experimentació a nivell mundial. Els 10 països que més utilitzen animals en experimentació són EEUU, Japó, Xina, Austràlia, França, Canadà, Regne Unit, Alemanya, Taiwan i Brasil. A Espanya, el nombre d'animals utilitzats ha augmentat més d'un 51% des de l'any 2005, arribant a 1,4 milions al 2010. A partir del 2005 però, l'experimentació en gossos a nivell mundial, va disminuir. En aquest treball es pretén descriure objectivament l'experimentació animal, destacant l'ús de gossos, la legislació que la rodeja i les diferents opinions que hi ha actualment envers aquest conflicte bioètic, ja que suposadament el punt de vista en referència a quest tema varia en funció de paràmetres socioeconòmics, bioètics i culturals.</subfield>
   </datafield>
   <datafield ind1="8" ind2=" " tag="024">
      <subfield code="a">http://hdl.handle.net/2072/453966</subfield>
   </datafield>
   <datafield tag="653" ind2=" " ind1=" ">
      <subfield code="a">Veterinaris - Ètica professional - Investigació</subfield>
   </datafield>
   <datafield tag="653" ind2=" " ind1=" ">
      <subfield code="a">Experiments amb animals - Aspectes ètics i morals</subfield>
   </datafield>
   <datafield tag="653" ind2=" " ind1=" ">
      <subfield code="a">Experiments amb animals - Aspectes legals</subfield>
   </datafield>
   <datafield tag="653" ind2=" " ind1=" ">
      <subfield code="a">Gossos - Aspectes ètics i morals</subfield>
   </datafield>
   <datafield ind2="0" ind1="0" tag="245">
      <subfield code="a">Ètica i legislació en l'experimentació amb gossos</subfield>
   </datafield>
</record></metadata></record></GetRecord></OAI-PMH>